Gadeled adengdi kateklu: Katekle jonkuli (Record no. 214936)

MARC details
000 -LEADER
fixed length control field 00762nam a2200217Ia 4500
003 - CONTROL NUMBER IDENTIFIER
control field OSt
005 - DATE AND TIME OF LATEST TRANSACTION
control field 20250813114351.0
008 - FIXED-LENGTH DATA ELEMENTS--GENERAL INFORMATION
fixed length control field 210719s1998 xx 000 0 und d
040 ## - CATALOGING SOURCE
Transcribing agency AL
041 ## - LANGUAGE CODE
Language code of text/sound track or separate title Tulu
082 ## - DEWEY DECIMAL CLASSIFICATION NUMBER
Classification number T894.3 TIMG
100 ## - MAIN ENTRY--PERSONAL NAME
Personal name TIMMAPPA PUJARI (Ja)
Dates associated with a name ತಿಮ್ಮಪ್ಪ ಪೂಜಾರಿ (ಜಾ)
9 (RLIN) 235316
245 ## - TITLE STATEMENT
Title Gadeled adengdi kateklu: Katekle jonkuli
Remainder of title ಗಾದೆ ಲೆಡ್ ಅದೆಂಗ್ಡಿ ಕತೆಕ್ಲು: ಕತೆಕ್ಲೆ ಜೋಂಕುಲಿ
260 ## - PUBLICATION, DISTRIBUTION, ETC.
Place of publication, distribution, etc. Mangaluru
Name of publisher, distributor, etc. Pratibha Prakashana
Date of publication, distribution, etc. 1998
300 ## - PHYSICAL DESCRIPTION
Extent 49
Other physical details PB
365 ## - TRADE PRICE
Price amount 24
Currency code Rs
650 ## - SUBJECT ADDED ENTRY--TOPICAL TERM
Topical term or geographic name entry element Tulu Fiction
9 (RLIN) 235317
650 ## - SUBJECT ADDED ENTRY--TOPICAL TERM
Topical term or geographic name entry element Tulu Fiction
9 (RLIN) 235317
906 ## - LOCAL DATA ELEMENT F, LDF (RLIN)
a adengdi ; Gadeled ; jonkuli ; kateklu ; Katele
942 ## - ADDED ENTRY ELEMENTS (KOHA)
Source of classification or shelving scheme Dewey Decimal Classification
Koha item type Book
Holdings
Withdrawn status Lost status Damaged status Not for loan Collection code Home library Current library Date acquired Cost, normal purchase price Total Checkouts Full call number Barcode Date last seen Price effective from Koha item type
        Tulu St Aloysius Library St Aloysius Library 11/29/2008 24.00   T894.3 TIMG D03552 07/19/2021 07/19/2021 Donated Books